বাংলাদেশের স্বাধীনতা যুদ্ধ এবং পাকিস্তান : (Record no. 79536)
[ view plain ]
| 000 -LEADER | |
|---|---|
| fixed length control field | 00920nam a2200205 a 4500 |
| 001 - CONTROL NUMBER | |
| control field | 79536 |
| 003 - CONTROL NUMBER IDENTIFIER | |
| rucl marc code | BD-RjUL |
| 005 - DATE AND TIME OF LATEST TRANSACTION | |
| control field | 20220310114140.0 |
| 008 - FIXED-LENGTH DATA ELEMENTS--GENERAL INFORMATION | |
| fixed length control field | 220310s1993 bg ||||| |||| 00| 0 eng d |
| 020 ## - INTERNATIONAL STANDARD BOOK NUMBER | |
| International Standard Book Number | 9844011086 |
| 035 ## - SYSTEM CONTROL NUMBER | |
| System control number | (BD-RjUL)79536 |
| 040 ## - CATALOGING SOURCE | |
| Original cataloging agency | BD-RjUL |
| Language of cataloging | eng |
| Transcribing agency | BD-RjUL |
| 041 ## - LANGUAGE CODE | |
| Language code of text/sound track or separate title | ben |
| 082 ## - DEWEY DECIMAL CLASSIFICATION NUMBER | |
| Edition number | 23 |
| Classification number | 954.9205 |
| Author mark and year | BAN 1993 |
| 245 ## - TITLE STATEMENT | |
| Title | বাংলাদেশের স্বাধীনতা যুদ্ধ এবং পাকিস্তান : |
| Remainder of title | পাকিস্তান সরকারের শ্বেতপত্র / |
| Statement of responsibility, etc. | বোরহানউদ্দিন খান জাহাঙ্গীর সম্পাদিত |
| 650 ## - SUBJECT ADDED ENTRY--TOPICAL TERM | |
| Topical term or geographic name as entry element | বাংলাদেশ |
| General subdivision | ইতিহাস |
| Chronological subdivision | বিপ্লব, ১৯৭১ |
| Topical term or geographic name as entry element | Bangladesh |
| General subdivision | History |
| Chronological subdivision | Revolution, 1971 |
| 700 ## - ADDED ENTRY--PERSONAL NAME | |
| Personal name | জাহাঙ্গীর, বোরহানউদ্দিন খান |
| 942 ## - ADDED ENTRY ELEMENTS (KOHA) | |
| Source of classification or shelving scheme | Dewey Decimal Classification |
| Koha item type | Books |
| Lost status | Source of classification or shelving scheme | Damaged status | Not for loan | Collection code | Permanent Location | Current Location | Shelving location | Date acquired | Source of acquisition | Cost, normal purchase price | Total Checkouts | Full call number | Date last seen | Copy number | Koha item type |
|---|---|---|---|---|---|---|---|---|---|---|---|---|---|---|---|
| Dewey Decimal Classification | Not For Loan | Non-fiction | Central Library, University of Rajshahi | Central Library, University of Rajshahi | Reading Room | 11/01/1999 | Agami Prokasoni | 90.00 | B 954.9205 BAN 1993 | 10/03/2022 | C-1 | Books |